Finis le titre de la chanson #6 - Statistiques

Statistiques générales
  • Ce quiz a été pris 516 fois
  • Le résultat moyen est 13 sur 30
Statistiques - réponses
Artistes Chanson Réponse % Correct
Manau "La tribu de..." Dana
97%
Louise Attaque "J't'emmène au..." Vent
95%
Queen "Bohemian..." Rhapsody
90%
Billie Eilish "bad..." Guy
78%
Lil Nas X, Billy Ray Cyrus "Old Town..." Road
78%
Blondie "Call..." Me
76%
Ray Charles "Hit the Road..." Jack
74%
Calvin Harris, Disciples "How Deep Is Your..." Love
72%
Elton John, Kiki Dee "Don't Go Breaking My..." Heart
64%
U2 "Sunday Bloody..." Sunday
62%
Muse "I Belong to..." You
58%
Blur "Girls &..." Boys
56%
DJ Snake, J Balvin, Tyga Loco..." Contigo
50%
The Jackson 5 "I Want You..." Back
45%
David Bowie "Let's..." Dance
45%
Kool & the Gang "Get Down On..." It
42%
Outkast "Hey..." Ya!
41%
Ariana Grande, Zedd "Break..." Free
26%
Inna "Sun Is..." Up
26%
Lil Wayne, Logic, Imagine Dragons, Wiz Khalifa, Ty Dolla Sign "Sucker for..." Pain
23%
Gossip "Heavy..." Cross
22%
MIKA "Big..." Girl
22%
M.I.A. "Paper..." Planes
19%
Oboy, Dopebwoy, Aya Nakamura "Je m'en..." Tape
19%
Rihanna "Shut Up And..." Drive
15%
Sean Paul "Get..." Busy
12%
Culture Club "Karma..." Chameleon
12%
Hot Chocolate "You Sexy..." Thing
8%
A$AP Ferg "Plain..." Jane
7%
Ronnie Dio "Love Is..." All
5%
Aucun quiz correspondant
Distribution des résultats
% des personnes avec chaque résultat
Percentile par nombre de réponses
Votre historique - résultats
Vous n’avez pas pris ce quiz